000 02238nam a2200325 a 4500
005 20180803165337.0
008 140127b2006 ck ||||| |||| 00| 0 spa d
040 _cCO-BoIH
041 _aspa
044 _ack
090 _aIAVH
_b00602
100 _aCárdenas Torres, Gina Yormary
_9592
245 _aTalleres de capacitación y fortalecimiento de las Juntas Administradoras de Agua (JAA) - Juntas de Acción Comunal (JAC) y acueductos comuntarios cuenca Cane Iguaque (Boyacá)
260 _aBogotá
_bInstituto Alexander von Humboldt
_c2006
300 _a10 p.
520 _aSe plantean las herramientas utilizadas en la capacitación y fortalecimiento de las organizaciones encargadas del manejo y administración del suministro de agua en los municipios de la cuenca Cane-Iguane (Juntas Administradoras de Agua, acueductos comunitarios y Juntas de Acción Comunal) con el fin de lograr una eficiente administración y uso racional del recurso hídrico, encaminado a la protección y conservaciónde los ecosistemas estratégico en los municipios de Villa de Leyva, Chíquiza, Arcabuco, Gachantivá y Sutamerchan.Se abordaron los siguientes temas: Legislación y reglamentación para la administración y uso del agua, mecanismos de organización y de derechos ciudadanos, composición y funciones de las organizaciones comunitarias comunitarias en torno al manejo del agua, funciones y responsabilidades municipales frente a la comunidad con respecto a lo hídrico, administración y uso de los recursos financieros, monitoreo y mantenimiento de los sistemas de abastecimiento, y manejo eficiente del agua y cuidado de los ecosistemas de los cuales depende el recurso.
650 _aCuencas hidrográficas
_992255
650 _aManejo y conservación de Recursos Hídricos
_9593
650 _aCapacitación
_992246
650 _aLegislación ambiental
_992309
662 _aColombia
_cAndes
662 _aColombia
_cCuenca Cane-Iguaque
_bBoyacá
662 _aColombia
_dVilla de Leyva
_bBoyacá
662 _aColombia
_dChíquiza
_bBoyacá
662 _aColombia
_dArcabuco
_bBoyacá
662 _aColombia
_dGachantivá
_bBoyacá
662 _aColombia
_dSutamerchan
_bBoyacá
942 _2z
_cINFORME
945 _d2007-07-31
999 _c6109
_d6109